Biblioteca

The epistle to the Romans (Registro nro. 41013)

Detalles MARC
000 -LÍDER
Campo fijo de descripción fija 01803nam a2200301 i 4500
001 - NÚMERO DE CONTROL
Campo de control 768714001
003 - IDENTIFICADOR DEL NÚMERO DE CONTROL
Campo de control CO-MdFUSB
005 - FECHA Y HORA DE LA ULTIMA TRANSACCIÓN
control field 20240304172254.0
007 - CAMPO FIJO DE DESCRIPCIÓN FIJA--INFORMACIÓN GENERAL
Campo fijo de descripción fija ta
008 - ELEMENTOS DE LONGITUD FIJA -- INFORMACIÓN GENERAL
Campo fijo de descripción fija -- Información general 180313t1897 -us |||| |||| 00| 0 eng d
040 ## - FUENTE DE CATALOGACIÓN
Agencia de catalogación original CO-MdFUSB
Idioma de catalogación spa
Agencia que realiza la transcripción CO-MdFUSB
Agencia que realiza la modificación CO-MdFUSBC
Convenciones de la descripción rda
041 0# - CÓDIGO DE IDIOMA
Código de idioma para texto/pista de sonido o título separado eng
082 04 - NÚMERO DE CLASIFICACIÓN DECIMAL DEWEY
Número de clasificación 227.1
Número de la edición del Dewey 23
Clave de autor-Numero de item S8557e
100 1# - ASIENTO PRINCIPAL--NOMBRE PERSONAL
Nombre personal Stifler, James M. (Madison) (1839-1902)
Término relacionador autor
245 14 - TÍTULO
Título del Material The epistle to the Romans
Parte restante del título - Subtitulo : a commentary logical and historical
Mención de responsabilidad, etc. / James M. Stifler
264 #1 - PRODUCCIÓN, PUBLICACIÓN, DISTRIBUCIÓN, MANUFACTURA, Y COPYRIGHT
Lugar de producción, publicación, distribución, manufactura New York, N.Y., USA :
Nombre del productor, publicador, distribuidor Fleminf H. Revell,
Fecha de producción, publicación, distribución, manufactura, o copyright [1897]
264 #4 - PRODUCCIÓN, PUBLICACIÓN, DISTRIBUCIÓN, MANUFACTURA, Y COPYRIGHT
Fecha de producción, publicación, distribución, manufactura, o copyright ©1897
300 ## - DESCRIPCIÓN FÍSICA
Extensión 275 páginas
Dimensiones ; 20cm
336 ## - TIPO DE CONTENIDO
Fuente rdacontent
Término de tipo de contenido texto
Código de tipo de contenido txt
337 ## - TIPO DE MEDIO
Fuente rdamedia
Nombre del tipo de medio sin mediación
Código del tipo de medio n
338 ## - TIPO DE SOPORTE
Fuente rdacarrier
Nombre del tipo de soporte volumen
Código Tipo de soporte nc
505 ## - NOTA DE CONTENIDO
Nota de contenido con formato preestablecido La perspectiva. -- Los judíos son igualmente culpables que los gentiles. -- El argumento sobre el pecado concluyó (vv. 1-20), y la segunda división principal de la epístola: la justicia comenzó (vv. 21-31). -- Justicia por la fe en armonía con las Escrituras del Antiguo Testamento. -- La justificación por la fe asegura la salvación final de los creyentes. -- La justificación por la fe no favorece un curso de vida pecaminoso. -- La ley no puede santificar. -- En Cristo Jesús una vida piadosa está asegurada por el Espíritu Santo. -- La teodicea: el trato actual de Dios con los judíos. -- Se considera el rechazo de Israel. -- El fracaso de Israel es culpa suya. -- El fracaso de Israel no es total- Deberes religiosos. -- <br/>Deberes civiles de los creyentes. -- Deberes fraternos en materia de conciencia. -- Discusión de los deberes fraternos concluidos y asuntos personales. -- Amor dentro de la iglesia
563 ## - NOTA DE ENCUADERNACIÓN
Nota de encuadernación Pasta dura
630 07 - TITULO UNIFORME
Título uniforme Biblia.
Nombre de parte o sección de la obra Romanos
942 ## - TIPO DE MATERIAL (KOHA)
Tipo de Item KOHA Libros General
945 ## - INFORMACIÓN LOCAL DEL REGISTRO
Catalogador JTF-925
Existencias
Estado de Material Estado de Perdido Forma de Clasificación Estado de Dañado No para Préstamo Colección Tomo Biblioteca de Origen Biblioteca Permanente Fecha de Adquisición Área Total de Préstamos Signatura Topográfica Código de Barras Última vez visto Ejemplar/Existencia Fecha de Remplazo Tipo de Material
    Dewey Decimal Classification     Colección General   Biblioteca FUSBC Biblioteca FUSBC 04/03/2024 BIBLIA   G 227.1 S8557e 15055 12/12/2019 Ej. 1 26/01/2016 Libros Patrimoniales

Biblioteca FUSBC | Teléfono: (57+4) 349 88 10 Ext. 141| WhatsApp (+57) 3005338115 
E-mail: biblioteca@unisbc.edu.co | Calle 76 87-14 Robledo Palenque, Medellín, Colombia

Con tecnología Koha